| 000 | 01313nam a2200361Ia 4500 | ||
|---|---|---|---|
| 001 | ebr10720549 | ||
| 003 | CaPaEBR | ||
| 006 | m o u | ||
| 007 | cr cn||||||||| | ||
| 008 | 050921s2006 nyu sb 001 0 eng d | ||
| 010 | _z 2005027434 | ||
| 020 | _z0801444020 | ||
| 020 | _z0801472512 | ||
| 020 | _z9780801469848 | ||
| 020 | _z9780801472510 | ||
| 020 | _z9780801444029 | ||
| 020 | _z9780801472510 | ||
| 040 |
_aCaPaEBR _cCaPaEBR |
||
| 035 | _a(OCoLC)607862675 | ||
| 050 | 1 | 4 |
_aJC571 _b.H66 2006eb |
| 082 | 0 | 4 |
_a323.0601 _223 |
| 100 | 1 | _aHopgood, Stephen. | |
| 245 | 1 | 0 |
_aKeepers of the flame _h[electronic resource] : _bunderstanding Amnesty International / _cStephen Hopgood. |
| 260 |
_aIthaca, NY : _bCornell University Press, _c2006. |
||
| 300 | _axiii, 249 p. | ||
| 504 | _aIncludes bibliographical references (p. 243-245) and index. | ||
| 533 |
_aElectronic reproduction. _bPalo Alto, Calif. : _cebrary, _d2013. _nAvailable via World Wide Web. _nAccess may be limited to ebrary affiliated libraries. |
||
| 610 | 2 | 0 | _aAmnesty International. |
| 650 | 0 | _aHuman rights workers. | |
| 655 | 7 |
_aElectronic books. _2local |
|
| 710 | 2 | _aebrary, Inc. | |
| 856 | 4 | 0 |
_uhttp://site.ebrary.com/lib/rucke/Doc?id=10720549 _zAn electronic book accessible through the World Wide Web; click to view |
| 999 |
_c38792 _d38792 |
||